000 00357nam a2200133Ia 4500
008 240624s9999 xx 000 0 und d
041 _aeng
082 _a330 ACH
100 _aACHARYA SHANKAR
245 _aINDIA S ECONOMY PERFORMANCE AND CHALLENG
260 _c2010
_aNew Delhi
_bOxford University press
300 _a465 : p. : cm. ; 24
365 _cRS
_b32
999 _c15831
_d15831